<?xml version="1.0" encoding="UTF-8"?><?xml-stylesheet type="text/xsl" href="static/style.xsl"?><OAI-PMH xmlns="http://www.openarchives.org/OAI/2.0/" xmlns:xsi="http://www.w3.org/2001/XMLSchema-instance" xsi:schemaLocation="http://www.openarchives.org/OAI/2.0/ http://www.openarchives.org/OAI/2.0/OAI-PMH.xsd"><responseDate>2026-04-13T01:18:57Z</responseDate><request verb="GetRecord" identifier="oai:www.recercat.cat:2117/442607" metadataPrefix="marc">https://recercat.cat/oai/request</request><GetRecord><record><header><identifier>oai:recercat.cat:2117/442607</identifier><datestamp>2025-09-28T02:56:31Z</datestamp><setSpec>com_2072_1033</setSpec><setSpec>col_2072_452951</setSpec></header><metadata><record xmlns="http://www.loc.gov/MARC21/slim" xmlns:dcterms="http://purl.org/dc/terms/" xmlns:xsi="http://www.w3.org/2001/XMLSchema-instance" xmlns:doc="http://www.lyncode.com/xoai" xsi:schemaLocation="http://www.loc.gov/MARC21/slim http://www.loc.gov/standards/marcxml/schema/MARC21slim.xsd">
   <leader>00925njm 22002777a 4500</leader>
   <datafield ind2=" " ind1=" " tag="042">
      <subfield code="a">dc</subfield>
   </datafield>
   <datafield ind2=" " ind1=" " tag="720">
      <subfield code="a">Tayà Serrano, Pau</subfield>
      <subfield code="e">author</subfield>
   </datafield>
   <datafield ind2=" " ind1=" " tag="260">
      <subfield code="c">2025-09-23</subfield>
   </datafield>
   <datafield ind2=" " ind1=" " tag="520">
      <subfield code="a">En las últimas décadas, el sector tecnológico ha experimentado una transformación profunda que se ha comparado con una nueva revolución industrial. La democratización del acceso a tecnologías de fabricación digital, como el control numérico por computadora (CNC) y la impresión 3D, ha modificado la manera de proyectar, producir y distribuir el mobiliario, generando nuevos paradigmas que impactan en el diseño contemporáneo. Este trabajo plantea la necesidad de entender cómo esta revolucióntecnológica influye en la forma de plantear el mobiliario, tomando como punto de partida la Bauhaus, escuela que lideró la gran revolución en el diseño y producción durante la primera revolución industrial. Se realiza un análisis de los principales profesores de la Bauhaus, explorando sus métodos y aportaciones que marcaron un antes y un después en el diseño industrial del siglo XX.
A partir de este estudio, se aborda el análisis de creadores contemporáneos que emplean tecnologías digitales avanzadas para diseñar y fabricar mobiliario, con el fin de comprender cómo estas herramientas innovadoras transforman los procesos creativos y productivos. Finalmente, se propone un replanteamiento de los diseños clásicos de la Bauhaus, adaptándolos a las nuevas posibilidades técnicas y conceptuales que ofrecen las tecnologías digitales actuales. Este enfoque integral establece un diálogo entre la revolución industrial original y la revolución tecnológica contemporánea, evidenciando las continuidades y rupturas que configuran el futuro del diseño de mobiliario.</subfield>
   </datafield>
   <datafield ind1="8" ind2=" " tag="024">
      <subfield code="a">http://hdl.handle.net/2117/442607</subfield>
   </datafield>
   <datafield tag="653" ind2=" " ind1=" ">
      <subfield code="a">Àrees temàtiques de la UPC::Arquitectura::Disseny::Disseny de mobles</subfield>
   </datafield>
   <datafield tag="653" ind2=" " ind1=" ">
      <subfield code="a">Bauhaus -- Criticism and interpretation</subfield>
   </datafield>
   <datafield tag="653" ind2=" " ind1=" ">
      <subfield code="a">Furniture design -- Technological innovations</subfield>
   </datafield>
   <datafield tag="653" ind2=" " ind1=" ">
      <subfield code="a">Three-dimensional printing</subfield>
   </datafield>
   <datafield tag="653" ind2=" " ind1=" ">
      <subfield code="a">Bauhaus</subfield>
   </datafield>
   <datafield tag="653" ind2=" " ind1=" ">
      <subfield code="a">Revolución tecnológica</subfield>
   </datafield>
   <datafield tag="653" ind2=" " ind1=" ">
      <subfield code="a">Diseño de mobiliario</subfield>
   </datafield>
   <datafield tag="653" ind2=" " ind1=" ">
      <subfield code="a">Fabricación digital</subfield>
   </datafield>
   <datafield tag="653" ind2=" " ind1=" ">
      <subfield code="a">CNC</subfield>
   </datafield>
   <datafield tag="653" ind2=" " ind1=" ">
      <subfield code="a">Impresión 3D</subfield>
   </datafield>
   <datafield tag="653" ind2=" " ind1=" ">
      <subfield code="a">Innovación</subfield>
   </datafield>
   <datafield tag="653" ind2=" " ind1=" ">
      <subfield code="a">Reinterpretación</subfield>
   </datafield>
   <datafield tag="653" ind2=" " ind1=" ">
      <subfield code="a">Bauhaus -- Crítica i interpretació</subfield>
   </datafield>
   <datafield tag="653" ind2=" " ind1=" ">
      <subfield code="a">Mobles -- Disseny -- Innovacions tecnològiques</subfield>
   </datafield>
   <datafield tag="653" ind2=" " ind1=" ">
      <subfield code="a">Impressió 3D</subfield>
   </datafield>
   <datafield ind2="0" ind1="0" tag="245">
      <subfield code="a">Mobiliario y experimentación: la Bauhaus y la fabricación digital contemporánea</subfield>
   </datafield>
</record></metadata></record></GetRecord></OAI-PMH>